00756nam a2200229 a 450000100060000000300080000600500170001400800410003102000320007203500200010404000270012404100080015108200280015910000350018724501040022226000380032630000340036450400640039865000200046265000250048270000190050766277BD-RjUL20211209081523.0900813s1991 enka b 001 0 eng d a0127426809 (acidfree paper) a(BD-RjUL) 66407 aDLCcDLCdBD-RjULbeng aeng00a621.38152223bWEQ 19911 aWeisbuch, C.q(Claude),d1945-10aQuantum semiconductor structures :bfundamentals and applications /cClaude Weisbuch, Borge Vinter. aBoston :bAcademic Press,cc1991. axii, 252 p. :bill. ;c23 cm. aIncludes bibliographical references (p. 217-246) and index. 0aSemiconductors. 0aQuantum Hall effect.1 aVinter, Borge.